Mezinárodní zasílatelství - spedice

Oprávnenia zasielateľa pri obstarávaní prepravy. Povinnosti príkazcu pri obstarávaní prepravy. Všeobecné ustanovenia. Praktické problémy pri uplatňovaní Všeobecných zasielateľských podmienok. Odbornosť zasielateľa.

Salvato in:
Dettagli Bibliografici
Autore principale: Šubert, Miroslav
Natura: Capitolo di libro
Lingua:ceco
Soggetti:
Tags: Aggiungi Tag
Nessun Tag, puoi essere il primo ad aggiungerne!!

MARC

LEADER 00000naa a2200000 4500
001 r041767
005 20230908092104.4
041 0 |a cze 
044 |a CZ 
245 1 0 |a Mezinárodní zasílatelství - spedice  |c Miroslav Šubert 
520 |a Oprávnenia zasielateľa pri obstarávaní prepravy. Povinnosti príkazcu pri obstarávaní prepravy. Všeobecné ustanovenia. Praktické problémy pri uplatňovaní Všeobecných zasielateľských podmienok. Odbornosť zasielateľa. 
610 2 0 |a zasielatelia 
610 2 0 |a zasielateľstvá 
610 2 0 |a preprava 
610 2 0 |a obstarávanie 
610 2 0 |a zmluvy zasielateľské 
610 2 0 |a podmienky dodacie 
100 1 |a Šubert, Miroslav